[Event "Moncada Cup-I"]
[Site "Santiago de Cuba"]
[Date "2019.03.22"]
[Round "3.1"]
[White "Cabrera Ramos, Brenda Milagros"]
[Black "Ramirez Caballero, Rene Alejandro"]
[Result "1/2-1/2"]
[WhiteElo "1652"]
[BlackElo "1757"]
[PlyCount "51"]
[EventDate "2019.03.20"]
[EventType "tourn"]
[EventRounds "10"]
[EventCountry "CUB"]
[SourceTitle "EXT 2023"]
[Source "ChessBase"]
[SourceDate "2022.10.05"]
[SourceVersion "1"]
[SourceVersionDate "2022.10.05"]
[SourceQuality "1"]

1. d4 d5 2. Nf3 Nf6 3. c4 e6 4. Bf4 Nbd7 5. e3 Be7 6. Be2 b6 7. 0-0 Bb7 8. Nc3 a6 9. h3 0-0 10. Rc1 c5 11. cxd5 Nxd5 12. Nxd5 Bxd5 13. b3 Nf6 14. Nd2 cxd4 15. exd4 Bd6 16. Be5 b5 17. Bf3 Qe7 18. Bxd5 Nxd5 19. Qg4 Bxe5 20. dxe5 Rac8 21. Ne4 Kh8 22. Nd6 Rc3 23. Rxc3 Nxc3 24. Rc1 b4 25. Kh1 a5 26. a4 1/2-1/2

[Event "Moncada Cup-I"]
[Site "Santiago de Cuba"]
[Date "2019.03.21"]
[Round "2.3"]
[White "Diaz Campo, Ariadna Haynoa"]
[Black "Cabrera Ramos, Brenda Milagros"]
[Result "1-0"]
[WhiteElo "1712"]
[BlackElo "1652"]
[PlyCount "103"]
[EventDate "2019.03.20"]
[EventType "tourn"]
[EventRounds "10"]
[EventCountry "CUB"]
[SourceTitle "EXT 2023"]
[Source "ChessBase"]
[SourceDate "2022.10.05"]
[SourceVersion "1"]
[SourceVersionDate "2022.10.05"]
[SourceQuality "1"]

1. e4 d5 2. exd5 Qxd5 3. Nc3 Qa5 4. d4 c6 5. Bc4 Nf6 6. Nf3 Bg4 7. h3 Bxf3 8. Qxf3 e6 9. Bd2 Bb4 10. a3 Nbd7 11. 0-0 Bxc3 12. Bxc3 Qc7 13. Rfe1 0-0 14. Bd2 Nd5 15. Bxd5 exd5 16. Bf4 Qd8 17. Re3 Re8 18. Rae1 Rxe3 19. Rxe3 Qf6 20. c3 g5 21. Qg4 Qxf4 22. Qxd7 Rf8 23. g3 Qb8 24. Re7 Kg7 25. Qxb7 Qc8 26. Qxc8 Rxc8 27. Rxa7 Rb8 28. b4 Rb6 29. a4 Rb8 30. a5 Rc8 31. a6 Kg6 32. Rb7 f6 33. a7 Ra8 34. Kf1 h5 35. h4 Kf5 36. f3 Ke6 37. g4 hxg4 38. fxg4 gxh4 39. Kg2 f5 40. gxf5+ Kxf5 41. Kf3 h3 42. Rf7+ Ke6 43. Rh7 Kf5 44. Rc7 h2 45. Kg2 Ke4 46. Kxh2 Kd3 47. Rxc6 Rxa7 48. b5 Ra3 49. b6 Rb3 50. Kg3 Kd2 51. Kf4 Kd3 52. Ke5 1-0

[Event "Santiago de Cuba Province-ch final"]
[Site "Santiago de Cuba"]
[Date "2018.09.28"]
[Round "5"]
[White "Cabrera Ramos, Brenda Milagros"]
[Black "Villalon Toledano, Saily"]
[Result "0-1"]
[WhiteElo "1542"]
[BlackElo "1648"]
[PlyCount "92"]
[EventDate "2018.09.26"]
[EventType "swiss"]
[EventRounds "9"]
[EventCountry "CUB"]
[SourceTitle "EXT 2021"]
[Source "ChessBase"]
[SourceDate "2020.10.23"]
[SourceVersion "1"]
[SourceVersionDate "2020.10.23"]
[SourceQuality "1"]

1. d4 d5 2. c4 c6 3. Nf3 Nf6 4. e3 dxc4 5. Bxc4 Bf5 6. 0-0 e6 7. b3 Be7 8. Bb2 0-0 9. Nc3 Nbd7 10. Bd3 Qc7 11. Bxf5 exf5 12. Qd3 g6 13. Rfd1 Nd5 14. Nxd5 cxd5 15. Rac1 Qb6 16. Rc2 Rac8 17. Rdc1 Rxc2 18. Qxc2 Bd6 19. Qc3 Qa6 20. Ne5 Nb6 21. a3 Rc8 22. Qd2 Rxc1+ 23. Qxc1 f6 24. Nf3 Qd3 25. b4 Nc4 26. g3 Qe2 27. Kg2 Qxb2 28. Qe1 Qxa3 29. b5 Qb2 30. h3 Bb4 31. Qg1 Nxe3+ 32. Kh1 Nc2 33. Qg2 Nxd4 34. Ng1 Qb3 35. Qf1 Nf3 36. Qc1 Nxg1 37. Qc8+ Bf8 38. Qe6+ Kg7 39. Qd7+ Kh6 40. Kxg1 Qd1+ 41. Kg2 Bc5 42. Qe6 Qd2 43. h4 Qxf2+ 44. Kh3 Qf1+ 45. Kh2 Qg1+ 46. Kh3 Qh1# 0-1

[Event "Villa Santiago op"]
[Site "Santiago de Cuba"]
[Date "2018.08.14"]
[Round "7"]
[White "Cuza Silva, Kevin Alejandro"]
[Black "Cabrera Ramos, Brenda Milagros"]
[Result "0-1"]
[WhiteElo "1732"]
[BlackElo "1526"]
[PlyCount "152"]
[EventDate "2018.08.08"]
[EventType "swiss"]
[EventRounds "7"]
[EventCountry "CUB"]
[SourceTitle "EXT 2021"]
[Source "ChessBase"]
[SourceDate "2020.10.23"]
[SourceVersion "1"]
[SourceVersionDate "2020.10.23"]
[SourceQuality "1"]

1. e4 d5 2. exd5 Qxd5 3. Nc3 Qa5 4. Bc4 Nf6 5. d3 c6 6. Bd2 Bf5 7. Nd5 Qd8 8. Nxf6+ exf6 9. Qe2+ Be7 10. Bb4 Nd7 11. Bxe7 Qxe7 12. Qxe7+ Kxe7 13. Kd2 Rhe8 14. Nf3 Be6 15. Rhe1 Kf8 16. Re4 Nb6 17. Bxe6 fxe6 18. Rae1 e5 19. h4 h5 20. Ng1 Rad8 21. Ne2 c5 22. Ng3 g6 23. c4 Rd7 24. Kc2 Rd4 25. R1e3 Kf7 26. f4 Nd7 27. b3 f5 28. Rxd4 exd4 29. Rxe8 Kxe8 30. Ne2 a5 31. a3 b6 32. b4 axb4 33. axb4 Nf6 34. Kb3 Kd7 35. bxc5 bxc5 36. Ng1 Ng4 37. Nf3 Kd6 38. Ng5 Ne3 39. g3 Nf1 40. Nf7+ Ke6 41. Ne5 Nxg3 42. Nxg6 Kd6 43. Ka4 Nh1 44. Kb5 Nf2 45. Ne5 Ng4 46. Nf7+ Ke7 47. Ng5 Kd6 48. Nf3 Ne3 49. Ne1 Nd1 50. Kb6 Ne3 51. Kb5 Ng4 52. Nf3 Ne3 53. Ne1 Nf1 54. Nf3 Ng3 55. Ne5 Ne2 56. Nf7+ Ke7 57. Ne5 Nxf4 58. Kxc5 Ne6+ 59. Kd5 f4 60. Nc6+ Kf6 61. Nxd4 Nxd4 62. Kxd4 Kf5 63. c5 f3 64. Ke3 Kg4 65. c6 Kg3 66. c7 f2 67. c8Q f1Q 68. Qg8+ Kxh4 69. Qc4+ Kg3 70. Qc7+ Kh3 71. Qd7+ Kh2 72. Qd6+ Kh1 73. Qd5+ Kg1 74. Qxh5 Qf2+ 75. Ke4 Qe1+ 76. Kd5 Qa5+ 0-1

[Event "CUB Province-chT Schools 54th"]
[Site "Santa Clara"]
[Date "2018.07.16"]
[Round "8.7"]
[White "Cabrera Ramos, Brenda Milagros"]
[Black "Llamo Limonta, Denisse Maurie"]
[Result "0-1"]
[WhiteElo "1522"]
[BlackElo "1509"]
[PlyCount "56"]
[EventDate "2018.07.13"]
[EventType "team-swiss"]
[EventRounds "9"]
[EventCountry "CUB"]
[SourceTitle "CBM 195 Extra"]
[Source "ChessBase"]
[SourceDate "2020.05.31"]
[SourceVersion "1"]
[SourceVersionDate "2020.05.31"]
[SourceQuality "1"]
[WhiteTeam "Santiago de Cuba"]
[BlackTeam "Guantanamo"]
[WhiteTeamCountry "CUB"]
[BlackTeamCountry "CUB"]

1. d4 Nf6 2. Nf3 e6 3. c4 d6 4. e3 g6 5. Bd3 c5 6. Bc2 Bg7 7. dxc5 Qa5+ 8. Bd2 Qxc5 9. Ba4+ Bd7 10. Bxd7+ Nbxd7 11. Qb3 Nb6 12. Na3 0-0 13. 0-0 Qc6 14. Rac1 a6 15. Nd4 Qa4 16. Qxb6 Ne4 17. Qb4 Qd7 18. Rfd1 e5 19. Nb3 f5 20. Be1 Rad8 21. Qa5 f4 22. Qd5+ Kh8 23. Qxe4 fxe3 24. Qxe3 Qf5 25. Rd5 Qf7 26. Bc3 b5 27. Rcd1 Bh6 28. Qxh6 Qxf2+ 0-1

[Event "CUB Province-chT Schools 54th"]
[Site "Santa Clara"]
[Date "2018.07.15"]
[Round "6.3"]
[White "Cabrera Ramos, Brenda Milagros"]
[Black "Morell Fuentes, Analia"]
[Result "0-1"]
[WhiteElo "1522"]
[BlackElo "1553"]
[PlyCount "56"]
[EventDate "2018.07.13"]
[EventType "team-swiss"]
[EventRounds "9"]
[EventCountry "CUB"]
[SourceTitle "CBM 195 Extra"]
[Source "ChessBase"]
[SourceDate "2020.05.31"]
[SourceVersion "1"]
[SourceVersionDate "2020.05.31"]
[SourceQuality "1"]
[WhiteTeam "Santiago de Cuba"]
[BlackTeam "Camaguey"]
[WhiteTeamCountry "CUB"]
[BlackTeamCountry "CUB"]

1. d4 f5 2. Nf3 e6 3. c4 Nf6 4. e3 Be7 5. Bd3 0-0 6. 0-0 b6 7. Nc3 Bb7 8. b3 d6 9. Bb2 Nbd7 10. Rc1 Qe8 11. Qe2 Ne4 12. Rfd1 Ndf6 13. d5 e5 14. Qc2 Nxc3 15. Bxc3 e4 16. Ng5 exd3 17. Qxd3 Bc8 18. Qe2 Qh5 19. Nf3 Ne4 20. Bb2 Bh4 21. g3 Bf6 22. Kg2 Bd7 23. Qc2 Rae8 24. Bd4 f4 25. Ng1 fxg3 26. f4 gxh2 27. Ne2 Qh3+ 28. Kh1 Nf2# 0-1

[Event "CUB Province-chT Schools 54th"]
[Site "Santa Clara"]
[Date "2018.07.13"]
[Round "1.5"]
[White "Del Toro Rivera, Flavia Aurora"]
[Black "Cabrera Ramos, Brenda Milagros"]
[Result "0-1"]
[WhiteElo "1431"]
[BlackElo "1522"]
[PlyCount "82"]
[EventDate "2018.07.13"]
[EventType "team-swiss"]
[EventRounds "9"]
[EventCountry "CUB"]
[SourceTitle "CBM 195 Extra"]
[Source "ChessBase"]
[SourceDate "2020.05.31"]
[SourceVersion "1"]
[SourceVersionDate "2020.05.31"]
[SourceQuality "1"]
[WhiteTeam "Las Tunas"]
[BlackTeam "Santiago de Cuba"]
[WhiteTeamCountry "CUB"]
[BlackTeamCountry "CUB"]

1. e4 d5 2. exd5 Qxd5 3. Nc3 Qa5 4. d4 Nf6 5. Bd2 c6 6. Nf3 Bf5 7. Bc4 e6 8. a3 Be7 9. 0-0 0-0 10. h3 Nbd7 11. Nh4 Bg6 12. Nxg6 hxg6 13. Nd5 Qd8 14. Nxe7+ Qxe7 15. Bb4 c5 16. dxc5 Nxc5 17. Qd4 Rac8 18. Qh4 Rfd8 19. Rad1 Qc7 20. Bxc5 Qxc5 21. Bd3 Nh5 22. Rfe1 Rd4 23. Be4 Rcd8 24. Rxd4 Rxd4 25. g4 Nf4 26. Qg3 Qe5 27. Re3 Rxe4 28. Rxe4 Qxe4 29. Kh2 e5 30. c3 Ne2 31. Qe3 Qf4+ 32. Qxf4 exf4 33. Kg2 Nc1 34. Kf3 g5 35. Ke4 Nb3 36. Kd3 Kf8 37. Kc4 Na5+ 38. Kb5 Nc6 39. b4 g6 40. a4 f5 41. f3 Ne5 0-1

[Event "Camaguey 503 op"]
[Site "Camaguey"]
[Date "2017.02.02"]
[Round "4.1"]
[White "Arce Mesa, Roxana Araiz"]
[Black "Cabrera Ramos, Brenda Milagros"]
[Result "1-0"]
[WhiteElo "1758"]
[BlackElo "1495"]
[PlyCount "51"]
[EventDate "2017.02.01"]
[EventType "swiss"]
[EventRounds "9"]
[EventCountry "CUB"]
[SourceTitle "EXT 2023"]
[Source "ChessBase"]
[SourceDate "2022.10.05"]
[SourceVersion "1"]
[SourceVersionDate "2022.10.05"]
[SourceQuality "1"]

1. e4 c6 2. d4 d5 3. exd5 cxd5 4. c4 Nf6 5. c5 Nc6 6. Bb5 Qa5+ 7. Nc3 Ne4 8. Nge2 Bf5 9. 0-0 Nxc3 10. Nxc3 Rc8 11. Qf3 e6 12. h4 h6 13. Re1 Be7 14. Bf4 Kf8 15. Bxc6 bxc6 16. g4 Bh7 17. Bd6 Qd8 18. Rxe6 Bxd6 19. cxd6 Qxh4 20. d7 Rd8 21. Rae1 g5 22. Re8+ Kg7 23. Rxh8 Rxd7 24. Rxh7+ Kxh7 25. Qf5+ Kg7 26. Qxd7 1-0